[Event "IX EICC"]
[Site "Plovdiv BUL"]
[Date "2008.04.22"]
[Round "2"]
[White "Shanava, K."]
[Black "Stocek, J."]
[Result "0-1"]
[WhiteElo "2519"]
[BlackElo "2584"]
[PlyCount "54"]
[EventDate "2008.04.21"]
[SourceDate "1999.07.01"]

1. e4 c5 2. Nc3 e6 3. Nf3 d6 4. d4 cxd4 5. Nxd4 Nf6 6. Be3 Be7 7. f4 O-O 8. Qf3
e5 9. Nf5 Bxf5 10. exf5 Nbd7 11. O-O-O Rc8 12. Bd2 Qa5 13. Kb1 d5 14. g4 Bb4
15. g5 Ne4 16. Nxe4 dxe4 17. Bxb4 Qxb4 18. Qb3 Qa5 19. g6 exf4 20. Bc4 Ne5 21.
Qh3 hxg6 22. fxg6 Nxg6 23. Bb3 e3 24. Rhg1 e2 25. Rde1 Rce8 26. Qg4 Qb6 27. Rg2
f3 0-1

[Event "IX EICC"]
[Site "Plovdiv BUL"]
[Date "2008.04.24"]
[Round "4"]
[White "Efimenko, Z."]
[Black "Sokolov, And1"]
[Result "1-0"]
[WhiteElo "2660"]
[BlackElo "2596"]
[PlyCount "107"]
[EventDate "2008.04.21"]
[SourceDate "1999.07.01"]

1. e4 c5 2. Nf3 e6 3. d4 cxd4 4. Nxd4 Nf6 5. Nc3 d6 6. Be3 a6 7. Be2 Be7 8. Qd2
O-O 9. O-O-O Nc6 10. f4 Nxd4 11. Qxd4 Nd7 12. g4 b5 13. g5 Rb8 14. a3 Qb6 15.
Qxb6 Nxb6 16. h4 Bd7 17. f5 Rfc8 18. Bd4 Rc6 19. f6 Bf8 20. e5 d5 21. h5 Be8
22. Bd3 Nd7 23. b4 a5 24. Rdg1 axb4 25. axb4 g6 26. hxg6 fxg6 27. Bxb5 Rxc3 28.
Bxd7 Rc4 29. Bxe6+ Bf7 30. Bxf7+ Kxf7 31. e6+ Kxe6 32. Re1+ Kf5 33. Re5+ Kg4
34. Rxd5 Bxb4 35. Rxh7 Kf3 36. Bb2 Rbc8 37. Rh2 Kg3 38. Re2 Kf3 39. Rh2 Kg3 40.
Re2 Kf3 41. Kd1 R8c5 42. Rd3+ Kg4 43. Rg2+ Kf5 44. f7 Rc8 45. Ba3 Bxa3 46. Rxa3
Rd4+ 47. Kc1 Rf8 48. Ra6 Rf4 49. Rf6+ Ke4 50. Re2+ Kf3 51. Ree6 Rxf6 52. Rxf6+
Kg4 53. Rxg6 Rxf7 54. Rf6 1-0

[Event "IX EICC"]
[Site "Plovdiv BUL"]
[Date "2008.04.26"]
[Round "6"]
[White "Nevednichy, V."]
[Black "Hracek, Z."]
[Result "1/2-1/2"]
[WhiteElo "2558"]
[BlackElo "2613"]
[PlyCount "86"]
[EventDate "2008.04.21"]
[SourceDate "1999.07.01"]

1. e4 c5 2. Nf3 d6 3. d4 cxd4 4. Nxd4 Nf6 5. Nc3 e6 6. g4 h6 7. h3 a6 8. Bg2
Qc7 9. f4 b5 10. a3 Bb7 11. Qe2 Nbd7 12. Bd2 Rc8 13. Nb3 Be7 14. O-O-O O-O 15.
Kb1 Ba8 16. Bf3 Qc4 17. Qe3 Bd8 18. g5 hxg5 19. fxg5 Nh7 20. h4 Bb6 21. Qf4 Ne5
22. Be2 Qc7 23. h5 Qe7 24. Rh3 f6 25. g6 Ng5 26. Rg3 Rxc3 27. Bxc3 Nxe4 28. Bb4
Nxg3 29. Qxg3 Bd5 30. Qh3 f5 31. h6 Nxg6 32. Qg3 Rf6 33. hxg7 f4 34. Qg5 f3 35.
Bd3 Qxg7 36. Bxd6 f2 37. Nd2 Bd8 38. Rf1 Be7 39. Bxe7 Nxe7 40. Qh4 Qf7 41. Qg3+
Qg7 42. Qh4 Ng6 43. Qh2 Qf7 1/2-1/2

[Event "IX EICC"]
[Site "Plovdiv BUL"]
[Date "2008.04.27"]
[Round "7"]
[White "Szabo, G ROM."]
[Black "Stocek, J."]
[Result "1/2-1/2"]
[WhiteElo "2516"]
[BlackElo "2584"]
[PlyCount "83"]
[EventDate "2008.04.21"]
[SourceDate "1999.07.01"]

1. e4 c5 2. Nf3 d6 3. d4 cxd4 4. Nxd4 Nf6 5. Nc3 e6 6. Be3 a6 7. f3 b5 8. Qd2
Nbd7 9. O-O-O Bb7 10. g4 Nb6 11. Qf2 Nfd7 12. Bd3 Rc8 13. Nce2 d5 14. e5 Nxe5
15. Nxe6 fxe6 16. Bxb6 Qf6 17. f4 Nxd3+ 18. Rxd3 Bd6 19. Bd4 Qf7 20. Rf1 O-O
21. Rf3 Qc7 22. Rc3 Qa5 23. Qe3 e5 24. Rxc8 Bxc8 25. Bxe5 Bxe5 26. Qxe5 Qxa2
27. Rf3 Qa1+ 28. Kd2 Qa5+ 29. Rc3 Bxg4 30. Nd4 Qd8 31. Rc7 Qf6 32. Ke3 Qxe5+
33. fxe5 g5 34. Ra7 Rf4 35. Nc6 Re4+ 36. Kd3 Kf8 37. Rxa6 h5 38. Ra8+ Kg7 39.
Ra7+ Kh6 40. Ra6 Kg7 41. Ra7+ Kh6 42. Ra6 1/2-1/2

[Event "TCh-FRA Top 16 Gp A"]
[Site "Clichy FRA"]
[Date "2008.03.24"]
[Round "3"]
[White "Jakovenko, D."]
[Black "Movsesian, S."]
[Result "1/2-1/2"]
[WhiteElo "2720"]
[BlackElo "2677"]
[PlyCount "69"]
[EventDate "2008.03.22"]
[SourceDate "1999.07.01"]

1. e4 c5 2. Nf3 e6 3. d4 cxd4 4. Nxd4 Nf6 5. Nc3 d6 6. Be3 Nc6 7. f4 a6 8. Qf3
Qa5 9. O-O-O Nxd4 10. Rxd4 Bd7 11. Bc4 Rc8 12. Bb3 Rxc3 13. bxc3 Qxc3 14. Kb1
Bc6 15. Rhd1 Be7 16. Bc1 Qa5 17. g4 d5 18. exd5 Nxd5 19. Bxd5 Bxd5 20. Rxd5
exd5 21. Rxd5 Qb4+ 22. Qb3 f6 23. a4 Qxb3+ 24. cxb3 Rf8 25. Kc2 Rf7 26. Kd3 Bd8
27. f5 Bc7 28. h3 Rd7 29. Rxd7 Kxd7 30. Ke4 Kc6 31. g5 fxg5 32. Bxg5 Bg3 33.
Be7 Kd7 34. Bf8 g6 35. fxg6 1/2-1/2

[Event "15th Belisce Metalis Open"]
[Site "Bizovac CRO"]
[Date "2008.03.23"]
[Round "5"]
[White "Popovic, Du"]
[Black "Sax, G."]
[Result "1-0"]
[WhiteElo "2556"]
[BlackElo "2509"]
[PlyCount "75"]
[EventDate "2008.03.21"]
[SourceDate "1999.07.01"]

1. e4 c5 2. Nf3 e6 3. d4 cxd4 4. Nxd4 Nf6 5. Nc3 d6 6. Be3 Nc6 7. Qe2 e5 8. Nb3
a6 9. O-O-O Qc7 10. h3 Be6 11. Kb1 Be7 12. g4 O-O 13. f4 exf4 14. Bxf4 Nd7 15.
g5 Nce5 16. Nd4 Rfe8 17. Qg2 b5 18. h4 Nb6 19. Nd5 Nxd5 20. exd5 Bd7 21. Bd3
Nxd3 22. Rxd3 Bf8 23. h5 Qd8 24. Rf1 Qe7 25. Re3 Qd8 26. g6 fxg6 27. hxg6 h6
28. Ne6 Bxe6 29. dxe6 Ra7 30. Qd5 Be7 31. Bxh6 gxh6 32. Rf7 Qa8 33. Qd2 Bg5 34.
Qc3 Bf6 35. Rxf6 Rc7 36. Qd2 Rg7 37. Ref3 Qe4 38. Qf2 1-0

[Event "Bundesliga 2007-8"]
[Site "Eppingen GER"]
[Date "2008.03.08"]
[Round "10"]
[White "Jaracz, P."]
[Black "Sokolov, And1"]
[Result "1/2-1/2"]
[WhiteElo "2527"]
[BlackElo "2594"]
[PlyCount "85"]
[EventDate "2008.02.09"]
[SourceDate "1999.07.01"]

1. e4 c5 2. Nf3 e6 3. d4 cxd4 4. Nxd4 Nf6 5. Nc3 d6 6. Be3 Be7 7. f3 O-O 8. Qd2
Nc6 9. O-O-O d5 10. exd5 Nxd5 11. Nxd5 Qxd5 12. Nxc6 Qxc6 13. Bd3 Qc7 14. Bd4
Bd7 15. Kb1 Rfd8 16. Qe3 Bc6 17. h4 b6 18. c3 Bd5 19. Bc2 b5 20. Qd3 f5 21.
Qxb5 Rdb8 22. Qa4 e5 23. Be3 Qxc3 24. Bc1 Be6 25. Rd8+ Bf8 26. Rxb8 Rxb8 27.
Qxa7 Qc8 28. Bb3 Bxb3 29. axb3 Ra8 30. Qb6 Qd7 31. Qe3 Bc5 32. Qc3 Bd4 33. Qc4+
Kh8 34. Rd1 Qa7 35. f4 h6 36. fxe5 Bxe5 37. Rd5 Bf6 38. Rxf5 Bxh4 39. Qa4 Qxa4
40. bxa4 Rxa4 41. Rf4 Rxf4 42. Bxf4 Be7 43. Kc2 1/2-1/2

[Event "Aeroflot Open"]
[Site "Moscow RUS"]
[Date "2008.02.20"]
[Round "7"]
[White "Asrian, K."]
[Black "Timofeev, Arty"]
[Result "1/2-1/2"]
[WhiteElo "2621"]
[BlackElo "2664"]
[PlyCount "148"]
[EventDate "2008.02.14"]
[SourceDate "1999.07.01"]

1. e4 c5 2. Nf3 d6 3. d4 cxd4 4. Nxd4 Nf6 5. Nc3 e6 6. Be2 Nc6 7. O-O Be7 8.
Be3 O-O 9. f4 e5 10. Nb3 exf4 11. Bxf4 Be6 12. Kh1 d5 13. exd5 Nxd5 14. Nxd5
Bxd5 15. Bf3 Be6 16. Be4 Rc8 17. c3 Qxd1 18. Raxd1 Rfd8 19. Bf3 g5 20. Be3 b6
21. Rxd8+ Bxd8 22. Nd4 Nxd4 23. Bxd4 Be7 24. h3 h6 25. a3 Bf8 26. Rd1 Bg7 27.
Kg1 Bxd4+ 28. Rxd4 f5 29. Bd5 Kf7 30. Bxe6+ Kxe6 31. Kf2 Rc5 32. c4 Ke5 33. Ke3
b5 34. cxb5 Rxb5 35. Rd2 Rb3+ 36. Kf2 h5 37. Re2+ Kd4 38. Rd2+ Ke4 39. Re2+ Kf4
40. Rc2 g4 41. g3+ Ke4 42. hxg4 hxg4 43. Re2+ Kd4 44. Kg2 a5 45. Rf2 a4 46.
Rf4+ Ke3 47. Rxa4 Rxb2+ 48. Kg1 Kf3 49. Rb4 Rg2+ 50. Kh1 Rxg3 51. a4 f4 52.
Rb3+ Kf2 53. Rb2+ Kf1 54. Rb1+ Kf2 55. Rb2+ Ke1 56. Rb1+ Ke2 57. Rb2+ Kd1 58.
Rb1+ Kd2 59. Rb2+ Kc3 60. Rf2 f3 61. a5 Kd3 62. a6 Ke3 63. Rb2 f2 64. Rb3+ Kf4
65. Rb4+ Kf3 66. Rb3+ Kf4 67. Rb4+ Kg5 68. Rb1 Kh4 69. a7 Ra3 70. Kg2 Rxa7 71.
Rh1+ Kg5 72. Rf1 Rf7 73. Rxf2 Rxf2+ 74. Kxf2 Kf4 1/2-1/2

[Event "XXIV Open"]
[Site "Cappelle La Grande FRA"]
[Date "2008.02.21"]
[Round "7"]
[White "Panarin, M."]
[Black "Spraggett, K."]
[Result "1/2-1/2"]
[WhiteElo "2511"]
[BlackElo "2588"]
[PlyCount "59"]
[EventDate "2008.02.16"]
[SourceDate "1999.07.01"]

1. e4 c5 2. Nf3 d6 3. d4 Nf6 4. Nc3 cxd4 5. Nxd4 e6 6. Be2 a6 7. O-O Be7 8. a4
Qc7 9. f4 O-O 10. Kh1 b6 11. e5 dxe5 12. fxe5 Nfd7 13. Bf4 Bb7 14. Bf3 Nc6 15.
Bxc6 Bxc6 16. Qg4 Kh8 17. Rae1 Bb7 18. Re3 Qc4 19. Rd1 Rfd8 20. Rg3 g6 21. Rgd3
Nc5 22. R3d2 Rd7 23. Bg5 Bxg5 24. Qxg5 Rad8 25. Rf2 Rxd4 26. Qf6+ Kg8 27. Qxf7+
Kh8 28. Qf6+ Kg8 29. Rxd4 Qxd4 30. Qf7+ 1/2-1/2

[Event "XXIV Open"]
[Site "Cappelle La Grande FRA"]
[Date "2008.02.23"]
[Round "9"]
[White "Panarin, M."]
[Black "Sandipan, C."]
[Result "1/2-1/2"]
[WhiteElo "2511"]
[BlackElo "2593"]
[PlyCount "129"]
[EventDate "2008.02.16"]
[SourceDate "1999.07.01"]

1. e4 c5 2. Nf3 d6 3. d4 cxd4 4. Nxd4 Nf6 5. Nc3 e6 6. Be2 a6 7. O-O Be7 8. f4
Nc6 9. Be3 O-O 10. a4 Qc7 11. Kh1 Bd7 12. Nb3 b6 13. Bf3 Rfe8 14. Qe2 Nb4 15.
Rad1 Bc6 16. Bf2 Bb7 17. Bg3 e5 18. Rd2 Nd7 19. Rfd1 Rad8 20. Nc1 exf4 21. Bxf4
Ne5 22. Rd4 Nbc6 23. R4d2 Nb4 24. Rd4 a5 25. Nb5 Qxc2 26. Nxd6 Qxe2 27. Bxe2
Rxd6 28. Rxd6 Bxd6 29. Rxd6 Bc6 30. b3 f6 31. Be3 Nf7 32. Rd1 Bxe4 33. Bxb6 Nd5
34. Bxa5 Ne3 35. Rd4 Bxg2+ 36. Kg1 Ng5 37. h4 Ne6 38. Rd6 Ba8 39. Bb5 Rc8 40.
Nd3 Nf8 41. Ra6 Bd5 42. Bb6 Nf5 43. Nc5 Nxh4 44. Ra7 Nf3+ 45. Kf2 Nd4 46. Ba6
Re8 47. Bb7 Bf7 48. Ne4 Nxb3 49. Nd6 Re6 50. Bd5 Rxd6 51. Bxf7+ Kh8 52. Bxb3
Rxb6 53. Ra8 h5 54. Rxf8+ Kh7 55. Bc2+ Kh6 56. Bd1 Rb2+ 57. Ke3 Kg5 58. a5 Ra2
59. Ra8 Ra3+ 60. Kd2 h4 61. a6 h3 62. Rh8 Ra2+ 63. Ke1 Rxa6 64. Rxh3 f5 65. Be2
1/2-1/2

[Event "Bundesliga 2007-8"]
[Site "Godesberg GER"]
[Date "2008.02.09"]
[Round "8"]
[White "Lutz, Ch"]
[Black "Ftacnik, L."]
[Result "1-0"]
[WhiteElo "2588"]
[BlackElo "2542"]
[PlyCount "133"]
[EventDate "2008.02.09"]
[SourceDate "1999.07.01"]

1. e4 c5 2. Nf3 d6 3. d4 cxd4 4. Nxd4 Nf6 5. Nc3 e6 6. Be3 a6 7. f3 b5 8. g4 h6
9. Qd2 b4 10. Nce2 e5 11. Nb3 Nc6 12. c4 Be6 13. Ng3 g6 14. h4 h5 15. g5 Nd7
16. Be2 a5 17. Rd1 a4 18. Nc1 Qa5 19. b3 axb3 20. axb3 Nc5 21. O-O Be7 22. f4
exf4 23. Rxf4 Qa1 24. Nf5 Nxe4 25. Rxe4 gxf5 26. Rf4 Qa5 27. Bf3 Rc8 28. Bxc6+
Rxc6 29. Ne2 Bd8 30. Nd4 Ra6 31. Rdf1 Qe5 32. Nxf5 Qc3 33. Qxc3 bxc3 34. Bd4
O-O 35. Bxc3 Ra3 36. Nh6+ Kh7 37. Nxf7 Bb6+ 38. Kh1 Rxb3 39. g6+ Kxg6 40. Rf6+
Kg7 41. Ng5 Rxf6 42. Bxf6+ Kg8 43. Nxe6 Rb4 44. Ba1 Be3 45. Rf8+ Kh7 46. Rf7+
Kg6 47. Rf6+ Kh7 48. Kg2 Rxc4 49. Kf3 Ra4 50. Kxe3 Rxa1 51. Ng5+ Kg7 52. Rxd6
Rh1 53. Nf3 Ra1 54. Rd5 Kh6 55. Kf4 Rf1 56. Ke4 Rh1 57. Ke5 Kg6 58. Rd6+ Kh7
59. Rd7+ Kg6 60. Ke6 Rf1 61. Rf7 Ra1 62. Ne5+ Kh6 63. Rf4 Ra6+ 64. Kf5 Ra5 65.
Rc4 Rb5 66. Rc6+ Kg7 67. Re6 1-0

[Event "Ugra Cup"]
[Site "Khantiy Mansiysk RUS"]
[Date "2008.10.18"]
[Round "4"]
[White "Pridorozhni, A."]
[Black "Solodovnichenko, Y."]
[Result "1/2-1/2"]
[WhiteElo "2524"]
[BlackElo "2590"]
[PlyCount "49"]
[EventDate "2008.10.15"]
[SourceDate "1999.07.01"]

1. e4 c5 2. Nf3 d6 3. d4 Nf6 4. Nc3 cxd4 5. Nxd4 e6 6. g4 e5 7. Bb5+ Bd7 8.
Bxd7+ Qxd7 9. Nf5 h5 10. Bg5 Nh7 11. Bd2 Nf6 12. f3 hxg4 13. fxg4 d5 14. exd5
Nxd5 15. Qe2 Nc6 16. O-O-O O-O-O 17. Nxd5 Qxd5 18. Bg5 Qxa2 19. Bxd8 Bb4 20. c3
Bxc3 21. Qb5 Bd4 22. Nxd4 Nxd4 23. Qc5+ Kxd8 24. Qxe5 Qc4+ 25. Kb1 1/2-1/2

[Event "38th Olympiad"]
[Site "Dresden GER"]
[Date "2008.11.21"]
[Round "8"]
[White "Kotronias, V."]
[Black "Ftacnik, L."]
[Result "1/2-1/2"]
[WhiteElo "2587"]
[BlackElo "2571"]
[PlyCount "79"]
[EventDate "2008.11.13"]
[SourceDate "1999.07.01"]

1. e4 c5 2. Nf3 d6 3. d4 cxd4 4. Nxd4 Nf6 5. Nc3 e6 6. g4 h6 7. h4 Nc6 8. Rg1
d5 9. Bb5 Bd7 10. exd5 Nxd5 11. Nxd5 exd5 12. Be3 Be7 13. Qe2 Qa5+ 14. c3 Nxd4
15. Bxd7+ Kxd7 16. Bxd4 Rhe8 17. Be3 Rad8 18. g5 hxg5 19. hxg5 Kc8 20. Kf1 Bd6
21. a4 Qc7 22. Rg4 Bc5 23. Kg2 Bxe3 24. fxe3 Qe5 25. Rf1 Rh8 26. Rff4 Rh5 27.
Qf3 Rd7 28. Qg3 Re7 29. Rf3 Qxg3+ 30. Rfxg3 g6 31. Kf3 Kd7 32. a5 Kc6 33. e4
Re5 34. exd5+ Rxd5 35. b4 Rf5+ 36. Ke3 b6 37. axb6 axb6 38. Rf4 Rhxg5 39. Rxg5
Rxg5 40. Ke4 1/2-1/2

[Event "38th Olympiad"]
[Site "Dresden GER"]
[Date "2008.11.22"]
[Round "9"]
[White "Azarov, S."]
[Black "Movsesian, S."]
[Result "0-1"]
[WhiteElo "2613"]
[BlackElo "2732"]
[PlyCount "80"]
[EventDate "2008.11.13"]
[SourceDate "1999.07.01"]

1. e4 c5 2. Nf3 d6 3. d4 cxd4 4. Nxd4 Nf6 5. Nc3 e6 6. Be2 Be7 7. O-O O-O 8.
Kh1 a6 9. f4 Qc7 10. a4 Nc6 11. Be3 Re8 12. Bg1 Nxd4 13. Qxd4 e5 14. Qd2 exf4
15. a5 Be6 16. Bb6 Qc8 17. Qxf4 Nd7 18. Bd4 Qc7 19. Bg4 Bf6 20. Nd5 Bxd5 21.
exd5 Ne5 22. Bf5 h6 23. b3 g6 24. Bh3 Bg7 25. Qd2 f5 26. c4 h5 27. Rac1 Nf7 28.
Bxg7 Kxg7 29. b4 Re4 30. c5 dxc5 31. bxc5 Qe5 32. Rfd1 Re8 33. d6 Re2 34. Qb4
Ng5 35. d7 Rd8 36. Qh4 Kh6 37. Qg3 Qe4 38. Qc3 Nxh3 39. Qxh3 Rxd7 40. Qg3 Rxd1+
0-1

[Event "77th ch-UKR"]
[Site "Poltava UKR"]
[Date "2008.12.06"]
[Round "5"]
[White "Kovchan, A."]
[Black "Brodsky, M."]
[Result "1/2-1/2"]
[WhiteElo "2545"]
[BlackElo "2550"]
[PlyCount "27"]
[EventDate "2008.12.02"]
[SourceDate "1999.07.01"]

1. e4 c5 2. Nf3 e6 3. d4 cxd4 4. Nxd4 Nf6 5. Nc3 d6 6. g3 Nc6 7. Bg2 Bd7 8. O-O
Be7 9. Nde2 a6 10. a4 Rb8 11. b3 O-O 12. Bb2 b5 13. axb5 axb5 14. Qd2 1/2-1/2

[Event "Bundesliga 2008-9"]
[Site "Tegernsee GER"]
[Date "2008.12.13"]
[Round "8"]
[White "Hracek, Z."]
[Black "Boensch, U."]
[Result "1-0"]
[WhiteElo "2613"]
[BlackElo "2523"]
[PlyCount "35"]
[EventDate "2008.10.03"]
[SourceDate "1999.07.01"]

1. e4 c5 2. Nf3 d6 3. d4 cxd4 4. Nxd4 Nf6 5. Nc3 e6 6. g4 h6 7. h4 a6 8. Bg2
Nfd7 9. Be3 Ne5 10. Qe2 Qc7 11. f4 Nc4 12. O-O-O Nxe3 13. Qxe3 Nc6 14. e5 Nxd4
15. Qxd4 dxe5 16. fxe5 Bc5 17. Bc6+ bxc6 18. Qxc5 1-0

[Event "XX Open"]
[Site "Roquetas de Mar ESP"]
[Date "2009.01.05"]
[Round "7"]
[White "Ibarra Jerez, JC."]
[Black "Suba, M."]
[Result "1/2-1/2"]
[WhiteElo "2513"]
[BlackElo "2542"]
[PlyCount "64"]
[EventDate "2009.01.03"]
[SourceDate "1999.07.01"]

1. e4 c5 2. Nf3 d6 3. d4 Nf6 4. Nc3 cxd4 5. Nxd4 e6 6. Be3 a6 7. f3 b5 8. Qd2
Bb7 9. a4 bxa4 10. Rxa4 Nbd7 11. Nb3 Be7 12. Be2 O-O 13. Na5 Qc7 14. Nxb7 Qxb7
15. O-O d5 16. exd5 Nxd5 17. Nxd5 exd5 18. b3 Bc5 19. Bd4 Rfe8 20. Rd1 Bxd4+
21. Rxd4 Nf6 22. Bf1 h6 23. Ra1 Qb6 24. Qf2 Re6 25. Rda4 Qb7 26. b4 Rb8 27.
Bxa6 Qe7 28. Qd4 Re1+ 29. Rxe1 Qxe1+ 30. Bf1 Ne8 31. c3 Nc7 32. Ra2 Nb5 1/2-1/2

[Event "Bundesliga 2008-9"]
[Site "Emsdetten GER"]
[Date "2009.02.01"]
[Round "11"]
[White "Dgebuadze, A."]
[Black "Hracek, Z."]
[Result "0-1"]
[WhiteElo "2544"]
[BlackElo "2613"]
[PlyCount "70"]
[EventDate "2008.10.03"]
[SourceDate "1999.07.01"]

1. e4 c5 2. Nf3 d6 3. d4 cxd4 4. Nxd4 Nf6 5. Nc3 e6 6. Be3 a6 7. f3 b5 8. g4 h6
9. Qd2 b4 10. Na4 Nbd7 11. O-O-O Ne5 12. h4 Bd7 13. b3 Bxa4 14. bxa4 Qa5 15.
Rg1 Qxa4 16. Kb1 Nxf3 17. Nxf3 Nxe4 18. Qd4 Nc3+ 19. Kc1 Rc8 20. Qa7 Ne4 21.
Rd2 Nxd2 22. Kxd2 Rxc2+ 23. Ke1 Be7 24. Qb8+ Bd8 25. Qxd6 b3 26. Bd3 bxa2 27.
Bxc2 a1=Q+ 28. Bd1 Qd7 29. Qxd7+ Kxd7 30. Kf2 Bb6 31. Bxb6 Qb2+ 32. Kg3 Qxb6
33. Ne5+ Ke7 34. Re1 Rc8 35. Bf3 Rc5 0-1

[Event "2nd Pfalz Open"]
[Site "Neustadt an der Weinstrasse G"]
[Date "2009.02.22"]
[Round "9"]
[White "Gharamian, T."]
[Black "Malakhatko, V."]
[Result "1/2-1/2"]
[WhiteElo "2581"]
[BlackElo "2610"]
[PlyCount "81"]
[EventDate "2009.02.15"]
[SourceDate "1999.07.01"]

1. e4 c5 2. Nf3 e6 3. d4 cxd4 4. Nxd4 Nf6 5. Nc3 d6 6. Be3 a6 7. f4 e5 8. Nf3
Ng4 9. Qd2 Nxe3 10. Qxe3 exf4 11. Qxf4 Be6 12. Nd4 Qf6 13. Qxf6 gxf6 14. Nd5
Bxd5 15. exd5 Nd7 16. g3 Ne5 17. Bh3 h5 18. O-O h4 19. Kg2 hxg3 20. hxg3 Be7
21. a4 Bd8 22. Rf4 Bb6 23. Nf5 O-O-O 24. Nh6+ Kb8 25. Rxf6 Rde8 26. Re1 Bd8 27.
Rxd6 Be7 28. Rb6 Bd8 29. Rd6 Be7 30. Nxf7 Bxd6 31. Nxd6 Rd8 32. Rxe5 Rxd6 33.
Be6 Kc7 34. g4 Rdd8 35. g5 Kd6 36. Rf5 Rh4 37. Kg3 Rh1 38. Bf7 Rc8 39. c3 Rc4
40. a5 Rg1+ 41. Kf2 1/2-1/2

[Event "Bundesliga 2008-9"]
[Site "Hamburg GER"]
[Date "2009.02.28"]
[Round "12"]
[White "Dgebuadze, A."]
[Black "Ftacnik, L."]
[Result "1/2-1/2"]
[WhiteElo "2544"]
[BlackElo "2571"]
[PlyCount "83"]
[EventDate "2008.10.03"]
[SourceDate "1999.07.01"]

1. e4 c5 2. Nf3 d6 3. d4 cxd4 4. Nxd4 Nf6 5. Nc3 e6 6. Be3 a6 7. Qd2 b5 8. f3
Nbd7 9. g4 b4 10. Nce2 h6 11. O-O-O d5 12. exd5 Nxd5 13. Nf4 N7f6 14. Bc4 Nxe3
15. Qxe3 Qb6 16. h4 Bc5 17. Kb1 Bd7 18. Rhe1 O-O-O 19. g5 hxg5 20. hxg5 Ne8 21.
Qe5 Bd6 22. Qe4 Nc7 23. Nd3 Qb7 24. Qxb7+ Kxb7 25. g6 Rh4 26. f4 fxg6 27. Bxe6
Nxe6 28. Nxe6 Re8 29. Ndc5+ Bxc5 30. Nxc5+ Kc6 31. Rxe8 Bxe8 32. Nd3 a5 33. b3
Kc7 34. Re1 Bb5 35. Re7+ Kd6 36. Rxg7 Bxd3 37. cxd3 Rh1+ 38. Kc2 Rh2+ 39. Kc1
Rxa2 40. Rxg6+ Kd5 41. Kb1 Rf2 42. Ra6 1/2-1/2

[Event "Bundesliga 2008-9"]
[Site "Eppingen GER"]
[Date "2009.03.01"]
[Round "13"]
[White "Areshchenko, A."]
[Black "Movsesian, S."]
[Result "1-0"]
[WhiteElo "2664"]
[BlackElo "2732"]
[PlyCount "59"]
[EventDate "2008.10.03"]
[SourceDate "1999.07.01"]

1. e4 c5 2. Nf3 d6 3. d4 cxd4 4. Nxd4 Nf6 5. Nc3 e6 6. Be2 Be7 7. O-O O-O 8.
Be3 Nc6 9. Kh1 Bd7 10. f4 Nxd4 11. Bxd4 Bc6 12. Bd3 d5 13. e5 Ne4 14. Qe2 Nxc3
15. bxc3 g6 16. g4 Re8 17. f5 Bf8 18. Rf3 Qh4 19. Qg2 b5 20. Raf1 a5 21. fxg6
fxg6 22. g5 Be7 23. Rf4 Qxg5 24. Qh3 Bf8 25. Rxf8+ Rxf8 26. Qxe6+ Kg7 27. Rg1
Qh5 28. Qxc6 Qf3+ 29. Rg2 Rf4 30. Be2 1-0

[Event "65th ch-RUS HL"]
[Site "?"]
[Date "2012.??.??"]
[Round "5"]
[White "Bezgodov, A."]
[Black "Kurnosov, I."]
[Result "1/2-1/2"]
[WhiteElo "2505"]
[BlackElo "2660"]
[PlyCount "81"]
[EventDate "2012.??.??"]
[SourceDate "1999.07.01"]

1. e4 c5 2. Nf3 d6 3. d4 cxd4 4. Nxd4 Nf6 5. Nc3 e6 6. g4 e5 7. Nf5 h5 8. Bg5
hxg4 9. Nd5 Bxf5 10. Bxf6 gxf6 11. exf5 Bh6 12. c3 Bg5 13. Qa4+ Kf8 14. Bg2 Rh4
15. Rd1 Nc6 16. Nb4 Rc8 17. Nxc6 bxc6 18. Qa3 Kg7 19. Qxd6 Qh8 20. Qd7 Rb8 21.
Qxc6 Rxb2 22. Rd7 Rb1+ 23. Ke2 Rb2+ 24. Kf1 g3 25. fxg3 Rb1+ 26. Kf2 Rb2+ 27.
Kf1 Qh5 28. Bf3 Rb1+ 29. Kg2 Rb2+ 30. Kf1 Rb1+ 31. Kg2 Rxh2+ 32. Rxh2 Rb2+ 33.
Kf1 Qxh2 34. Rxf7+ Kxf7 35. Qd7+ Kf8 36. Qd8+ Kg7 37. Qe7+ Kh6 38. Qf8+ Kh7 39.
Qf7+ Kh8 40. Qf8+ Kh7 41. Qf7+ 1/2-1/2

[Event "75th Tata Steel GpA"]
[Site "Wijk aan Zee NED"]
[Date "2013.01.23"]
[Round "10.6"]
[White "Harikrishna, P."]
[Black "Hou Yifan"]
[Result "0-1"]
[WhiteElo "2698"]
[BlackElo "2603"]
[PlyCount "110"]
[EventDate "2013.01.12"]
[SourceDate "1999.07.01"]

1. e4 c5 2. Nf3 d6 3. d4 cxd4 4. Nxd4 Nf6 5. Nc3 e6 6. g4 h6 7. h4 e5 8. Nf5
Nc6 9. Bg2 g6 10. Ne3 Be6 11. Ncd5 Bxd5 12. exd5 Ne7 13. Qe2 Bg7 14. Qb5+ Qd7
15. Qxd7+ Nxd7 16. Bd2 Rc8 17. Bb4 Nc5 18. O-O-O O-O 19. h5 Bf6 20. Kb1 Kg7 21.
Nf1 Bg5 22. Ng3 b6 23. Bxc5 bxc5 24. Ne4 Rcd8 25. hxg6 fxg6 26. Rh3 Rf4 27. Ra3
Rxg4 28. Bf3 Rf4 29. Rxa7 Rxf3 30. Nxg5 hxg5 31. Rxe7+ Kf6 32. Re6+ Kf5 33. Rd2
g4 34. c3 Kg5 35. Re2 Rdf8 36. Rxd6 Rxf2 37. Rxe5+ R8f5 38. Re3 R5f3 39. Re5+
Rf5 40. Re3 R2f3 41. Ree6 Rf6 42. Re5+ R3f5 43. Rxf6 Rxe5 44. Rf1 Rxd5 45. Kc2
Rf5 46. Rg1 c4 47. Kd2 Rf2+ 48. Ke3 Rxb2 49. Ra1 g3 50. Kf3 g2 51. Kg3 Rxa2 52.
Rb1 Kf5 53. Kh2 Ke4 54. Rd1 Kf3 55. Rd6 Ra5 0-1

[Event "75th Tata Steel GpB"]
[Site "Wijk aan Zee NED"]
[Date "2013.01.23"]
[Round "10.5"]
[White "Van Kampen, R."]
[Black "Timman, J."]
[Result "1-0"]
[WhiteElo "2581"]
[BlackElo "2566"]
[PlyCount "59"]
[EventDate "2013.01.12"]
[SourceDate "1999.07.01"]

1. e4 c5 2. Nf3 e6 3. d4 cxd4 4. Nxd4 Nf6 5. Nc3 d6 6. g4 h6 7. h3 a6 8. Bg2
Nc6 9. Be3 Qc7 10. f4 Be7 11. Qd2 Bd7 12. O-O-O Na5 13. b3 Rc8 14. Nce2 g6 15.
Ng3 e5 16. Nde2 Bc6 17. Kb1 Nd7 18. Rhf1 exf4 19. Nxf4 Ne5 20. Nd5 Bxd5 21.
exd5 f5 22. Bd4 Bg5 23. Qe2 f4 24. Ne4 O-O 25. Nxd6 Qxd6 26. Qxe5 Qxe5 27. Bxe5
Rfe8 28. Rfe1 Bh4 29. Re4 Bg3 30. Bd4 1-0

[Event "SportAccord Blitz Women 2012"]
[Site "Beijing CHN"]
[Date "2012.12.16"]
[Round "1.7"]
[White "Kosteniuk, A."]
[Black "Hou Yifan"]
[Result "1-0"]
[WhiteElo "2501"]
[BlackElo "2606"]
[PlyCount "51"]
[EventDate "2012.12.16"]
[SourceDate "1999.07.01"]

1. e4 c5 2. Nf3 d6 3. d4 cxd4 4. Nxd4 Nf6 5. Nc3 e6 6. Be2 Nc6 7. Be3 Be7 8.
O-O O-O 9. f4 a6 10. a4 Bd7 11. Nb3 b6 12. Bf3 Qc7 13. g4 Bc8 14. g5 Nd7 15.
Bg2 Bb7 16. Qh5 Rfe8 17. Rf3 g6 18. Qh6 Bf8 19. Qh4 Bg7 20. Rh3 Nf8 21. f5 Bxc3
22. f6 h5 23. Bf3 Bxf6 24. gxf6 Ne5 25. Bxh5 Nh7 26. Be2 1-0

[Event "16th Unive Open"]
[Site "Hoogeveen NED"]
[Date "2012.10.27"]
[Round "9"]
[White "Van Kampen, R."]
[Black "Timman, J."]
[Result "1/2-1/2"]
[WhiteElo "2570"]
[BlackElo "2578"]
[PlyCount "129"]
[EventDate "2012.10.19"]
[SourceDate "1999.07.01"]

1. e4 c5 2. Nf3 e6 3. d4 cxd4 4. Nxd4 Nf6 5. Nc3 d6 6. g4 h6 7. h3 a6 8. Bg2
Nc6 9. O-O Be7 10. Nxc6 bxc6 11. e5 Nd5 12. exd6 Qxd6 13. Ne4 Qc7 14. c4 Nf6
15. Nxf6+ Bxf6 16. Qf3 Bb7 17. Bf4 Be5 18. Bxe5 Qxe5 19. Rfe1 Qc7 20. c5 O-O
21. Rad1 Rfd8 22. Qa3 Rxd1 23. Rxd1 Rd8 24. Rd6 Kf8 25. Qb4 Rd7 26. Qd4 Rxd6
27. cxd6 Qd7 28. b4 Ke8 29. a4 Kd8 30. Qxg7 Qxd6 31. Qxf7 Qxb4 32. Qxe6 Qf4 33.
Qe3 Qxe3 34. fxe3 Kc7 35. h4 Bc8 36. g5 hxg5 37. hxg5 a5 38. Kf2 Kd6 39. Ke2
Be6 40. Kd2 c5 41. Be4 Ke5 42. Bc2 Bd5 43. Kc3 Be6 44. Bd3 Bd5 45. Bc4 Bc6 46.
Bb5 Bd5 47. Bc4 Bc6 48. Bb3 Bd7 49. Bc2 Be6 50. Kd2 Bd5 51. Ke2 Be6 52. Kd1 Bd5
53. Kc1 Be6 54. Kd1 Bc4 55. Ke1 Be6 56. Kf2 Bf5 57. Bxf5 Kxf5 58. Kf3 Kxg5 59.
Ke4 Kg4 60. Kd5 Kf3 61. Kxc5 Kxe3 62. Kb5 Kd4 63. Kxa5 Kc5 64. Ka6 Kc6 65. a5
1/2-1/2